000 00796nam a2200253 i 4500
001 bgj
100 1 _aDOWNING, Angela
245 1 0 _aA university course in English grammar /
_cAngela Downing ; Philip Locke.
260 _aNew York ;
_aLondon [etc.] :
_bPhoenix ELT,
_c1995.
300 _aXX, 652 pp ;
_c24 cm.
490 1 _aEnglish Language Teaching / Englewood Cliffs, NJ
505 _aIncludes index.
650 9 _aEnglish language
_xGrammar
_y1950-
650 9 _aEnglish language
655 _aTextbooks for foreign speakers
700 1 _aLOCKE, Philip.
_eco-author
830 0 _aEnglish Language Teaching (Englewood Cliffs, NJ)
020 _a0139524908
040 _cBPK
041 0 _aeng
920 _a0-13-952490-8
942 _cKS
008 s uk f |000 0 eng
999 _c48265
_d48265
856 _uhttp://koha.tu.koszalin.pl/cgi-bin/koha/opac-detail.pl?biblionumber=48265
_yKatalog online BPK